00980 a2200193 45000010006000000050017000060080041000230030015000640400040000790800157001192450025002760200022003012640033003233000019003565050271003750410008006461000026006548560106006803402020260407155630.0260407a2013 arg spa dAR-UNSa-BCEJYS aAR-UNSa-BCEJYSbspacAR-UNSa-BCEJYS a330.87xDoctrinas económicas de derecho social, solidarista, corporativa, religiosa, cooperativa, antroposófica, colectivista (economía social...)10aLa pobreza de Clío a978-84-9892-527-2 1aBarcelona :bCríticac2013 a350 p.c23 cm. a1. La verdad en la cruz. Ciencia e ideología - 2. ¿Economía con rostro humano? - 3. El fantasioso mundo de Clío - 4. El mundo que perdimos. Historia microeconómica - 5. El mundo que perdimos. Perspectivas macroeconómicas - 6. Construir a partir del pasado aspa1 aBoldizzoni, Francesco41uhttps://biblioeco.unsa.edu.ar/pmb/images/libros/la_pobreza_de_clio.jpgyImagen de portadaqimage/jpeg